Mechanics for A-level (Record no. 3307)

000 -LEADER
fixed length control field 00393nam a22001337a 4500
020 ## - INTERNATIONAL STANDARD BOOK NUMBER
International Standard Book Number 0748725962
082 ## - DEWEY DECIMAL CLASSIFICATION NUMBER
Classification number 531
100 ## - MAIN ENTRY--PERSONAL NAME
Personal name L.Bostock
245 ## - TITLE STATEMENT
Title Mechanics for A-level
260 ## - PUBLICATION, DISTRIBUTION, ETC.
Place of publication, distribution, etc. Cheltenham
Name of publisher, distributor, etc. Stanley thornes
Date of publication, distribution, etc. 1996
300 ## - PHYSICAL DESCRIPTION
Extent 594p
942 ## - ADDED ENTRY ELEMENTS (KOHA)
Koha item type Book
Holdings
Withdrawn status Lost status Damaged status Not for loan Collection code Permanent Location Current Location Shelving location Date acquired Total Checkouts Total Renewals Full call number Barcode Date last seen Date last checked out Price effective from Koha item type
          Central Library (CL) Central Library (CL) General Stacks 06/01/2016 1 3 531 BOS S3H-D-144 07/03/2021 02/08/2019 06/01/2016 Book
© 2023 Central Library, National University of Sciences and Technology. All Rights Reserved.